| 000 | 00639nam a2200181 a 4500 | ||
|---|---|---|---|
| 001 | 000035797 | ||
| 005 | 20200930074623.0 | ||
| 008 | 111114s1972 es ab 000 0 spa d | ||
| 040 |
_aDO-SdBNP _bspa _cBNPHU |
||
| 100 | 1 |
_aMorales Padrón, Francisco _915719 |
|
| 245 | 1 | 0 |
_aHistoria de hispanoamérica / _cFrancisco Morales Padrón. |
| 260 |
_aSevilla : _bPublicaciones de la Universidad de Sevilla, _c1972. |
||
| 300 |
_a487 p. : _bil., map. ; _c24 cm. |
||
| 490 | 1 | _aManuales universitarios, | |
| 590 | _aPerteneció a la biblioteca personal de Juan Isidro Jimenes Grullón. | ||
| 830 | 0 |
_aManuales universitaeios _961746 |
|
| 049 | _aBNPD | ||
| 999 |
_c35288 _d35288 |
||